000 01491nam a2200241Ia 4500
999 _c50212
_d50212
001 17150
003 GE_BSU
005 20221219151358.0
008 181216s1983ge xx |||||||||||||| ||geo||
040 _cGE_BSU
041 _ageo
080 _a821.353.1 + 821.353.1-31 + 821.353.1-4 + 821.353.1-92 გ-19
100 _aგამსახურდია, კ. (კონსტანტინე, 1891-1975)
_916499
245 _aთხზულებანი :10 ტომად.
_bტ. 7. დაუმთავრებელი რომანები ნარკვევები, წერილები
_c კონსტანტინე გამსახურდია, [სარედ. კოლ.: ზ. გამსახურდია, გ. ნატროშვილი და ს. ჭილაია]
264 _aთბილისი :
_bსაბჭ. საქართველო,
_c1983.
300 _a501 გვ.
_b22 სმ.
653 _aდაუმთავრებელი რომანები, ნარკვევები, წერილები
653 _aთხზულებანი
700 _aგამსახურდია, ზ
_eსარედაქციო კოლეგია
_95590
700 _aნატროშვილი, გ
_eსარედაქციო კოლეგია
_916500
700 _aჭილაია, ს
_eსარედაქციო კოლეგია
_94657
942 _cBK
_2udc